Lataa...

God's secret agents /

Bibliografiset tiedot
Päätekijä: Hogge,Alice
Aineistotyyppi: Printed Book
Kieli:English
Julkaistu: London : Harper Perennial, c2006.
Aiheet:
LEADER 00582nam a22001577a 4500
008 200316b ||||| |||| 00| 0 eng
020 |a 9780007156382 
082 |a 942.061  
100 |a Hogge,Alice. 
245 |a God's secret agents /  |c Alice Hogge. 
260 |a London :  |b Harper Perennial,  |c c2006. 
300 |a vii,445p. 
650 7 |2 fast  |9 976825  |a English literature 
942 |c BK 
999 |c 349862  |d 349862 
952 |0 0  |1 0  |2 ddc  |4 0  |6 942_061000000000000_HOG_G  |7 0  |9 403901  |a UL  |b UL  |c PROC  |d 2020-03-16  |e Donation- I.G.Bhaskara panikkar family  |i G11452  |l 0  |o 942.061 HOG/G  |p G11452  |r 2020-03-16  |v 5.99  |y BK